Mechanics of materials (Record no. 40708)

000 -LEADER
fixed length control field 00482nam a2200193 i 4500
001 - CONTROL NUMBER
control field 40708
003 - CONTROL NUMBER IDENTIFIER
control field BD-DhUET
008 - FIXED-LENGTH DATA ELEMENTS--GENERAL INFORMATION
fixed length control field 151117s2017 maua 001 0 eng
020 ## - INTERNATIONAL STANDARD BOOK NUMBER
International Standard Book Number 9780134319650
040 ## - CATALOGING SOURCE
Original cataloging agency DLC
Language of cataloging eng
Transcribing agency DLC
Modifying agency BD-DhUET
082 ## - DEWEY DECIMAL CLASSIFICATION NUMBER
Classification number 620.11
Item number HIB/2017
100 ## - MAIN ENTRY--PERSONAL NAME
Personal name Hibbeler, R. C
245 10 - TITLE STATEMENT
Title Mechanics of materials
250 ## - EDITION STATEMENT
Edition statement 10th ed.
260 ## - PUBLICATION, DISTRIBUTION, ETC. (IMPRINT)
Place of publication, distribution, etc. Boston
Name of publisher, distributor, etc. Pearson Education
Date of publication, distribution, etc. 2017
300 ## - PHYSICAL DESCRIPTION
Extent xvii, 877 p.
650 #0 - SUBJECT ADDED ENTRY--TOPICAL TERM
Topical term or geographic name as entry element Strength of materials
942 ## - ADDED ENTRY ELEMENTS (KOHA)
Koha item type General Book
Holdings
Koha out on loan Location (home branch) Damaged status Copy number Shelving location Date acquired Koha normalized classification for sorting Price effective from Koha full call number Piece designation (barcode) Not for loan Koha issues (times borrowed) Koha date last seen Sublocation or collection (holding branch) Lost status Koha item type Source of classification or shelving scheme Koha date last borrowed Withdrawn status
 Central Library, BUET 1Circulation section2017-10-16620_110000000000000_HIB_20172017-10-16620.11/HIB/2017115706 52025-04-19Central Library, BUET General Book 2023-11-28 
2026-05-09Central Library, BUET 2Circulation section2017-10-16620_110000000000000_HIB_20172017-10-16620.11/HIB/2017115707 182026-04-25Central Library, BUET General Book 2026-04-25